000 00258nam a22001217a 4500
008 181019b xxu||||| |||| 00| 0 eng d
041 _aeng
080 _a575
100 _a5
101 _aBIO
245 _aTextbook Biochemistry
_cHarow.m
942 _2udc
_cBK
999 _c50240
_d50240